The poems of Matthew Arnold [1840-1867] /

Bibliographic Details
Main Author: Arnold, Matthew, 1822-1888
Other Authors: Quiller-Couch, Arthur, 1863-1944 (Editor)
Format: Book
Language:English
Published: London, New York [etc.] : Humphrey Milford, Oxford University Press, [1945]

MARC

Tag First Indicator Second Indicator Subfields
LEADER 00000cam a2200000I 4500
001 in00000021509
005 20151007063624.0
008 800703r19451909enk b 000 0 eng d
035 |a (OCoLC)ocm06482945 
035 |a (OCoLC)06482945 
035 |9 AAD7836AM 
040 |a TXA  |c TXA  |d OCLCQ  |d UtOrBLW 
049 |a TXAM  |c [173977] 
050 4 |a PR4021  |b .Q5 1945 
092 |a 821  |b A757q 
100 1 |a Arnold, Matthew,  |d 1822-1888. 
245 1 4 |a The poems of Matthew Arnold [1840-1867] /  |c with an introduction by Sir A.T. Quiller-Couch. 
264 1 |a London,  |a New York [etc.] :  |b Humphrey Milford, Oxford University Press,  |c [1945] 
300 |a xxii, 494 pages :  |b frontispiece 
336 |a text  |b txt  |2 rdacontent 
337 |a unmediated  |b n  |2 rdamedia 
338 |a volume  |b nc  |2 rdacarrier 
504 |a "Bibliographical note": pages [xvii]. 
500 |a "This edition ... first published in 1909." 
700 1 |a Quiller-Couch, Arthur,  |d 1863-1944,  |e editor. 
994 |a E0  |b TXA 
999 |a MARS 
999 f f |s af93a87d-f2ae-3fcb-95e4-d501f5d34278  |i 8295dc1f-d5c5-3a01-8283-ce220117cc0f  |t 0 
952 f f |p ric  |a Texas A&M University  |b Rellis Campus  |c Joint Library Facility  |d Remote Storage  |t 0  |e PR4021 .Q5 1945  |h Library of Congress classification  |i unmediated -- volume  |m A14801274544 
998 f f |a PR4021 .Q5 1945  |t 0  |l Remote Storage